书目信息 |
| 题名: |
建筑公共空间装饰设计
|
|
| 作者: | 荣梅娟 , 孟翔 主编 | |
| 分册: | ||
| 出版信息: | 西安 西安电子科技大学出版社 2016.02 |
|
| 页数: | 168页 | |
| 开本: | 26cm | |
| 丛书名: | ||
| 单 册: | ||
| 中图分类: | TU238 | |
| 科图分类: | ||
| 主题词: | 建筑装饰--jian zhu zhuang shi--建筑设计--高等职业教育--教材 | |
| 电子资源: | ||
| ISBN: | 978-7-5606-3939-0 | |
| 000 | 01189nam0 2200301 450 | |
| 001 | 0100195211 | |
| 005 | 20201116141545.28 | |
| 010 | @a978-7-5606-3939-0@dCNY28.00 | |
| 100 | @a20160310d2016 em y0chiy50 ea | |
| 101 | 0 | @achi |
| 102 | @aCN@b610000 | |
| 105 | @aak a 000yy | |
| 106 | @ar | |
| 200 | 1 | @a 建筑公共空间装饰设计@Ajian zhu gong gong kong jian zhuang shi she ji@f荣梅娟, 孟翔主编@Frong mei juan , meng xiang zhu bian |
| 210 | @a西安@c西安电子科技大学出版社@d2016.02 | |
| 215 | @a168页@c图@d26cm | |
| 320 | @a有书目 (第168页) | |
| 330 | @a本书从建筑装饰空间的概念及发展、家居空间装饰、绿色概念空间装饰、展厅空间装饰、船舶舱室空间装饰等方面, 详细讲解了空间装饰设计方案指定的方法。书中设计大量案例, 对建筑装饰设计进行了生动描绘, 让读者更深入地了解有关装饰空间设计的操作内涵。 | |
| 333 | @a高职高专室内设计及建筑装饰专业“十三五”规划教材 | |
| 540 | @a建筑公共空间装饰设计 | |
| 606 | 0 | @a建筑装饰@Ajian zhu zhuang shi@x建筑设计@x高等职业教育@j教材 |
| 690 | @aTU238@v5 | |
| 701 | 0 | @a荣梅娟@Arong mei juan@4主编 |
| 701 | 0 | @a孟翔@Ameng xiang@4主编 |
| 801 | @aCN | |
| 803 | @a高职 | |
| 901 | @a22 | |
| 905 | @a河南城建学院图书馆@b1294625-7@dTU238@eR722@f3 | |
| 建筑公共空间装饰设计/荣梅娟, 孟翔主编.-西安:西安电子科技大学出版社,2016.02 |
| 168页:图;26cm |
| 使用对象:高职高专室内设计及建筑装饰专业“十三五”规划教材 |
| ISBN 978-7-5606-3939-0:CNY28.00 |
| 本书从建筑装饰空间的概念及发展、家居空间装饰、绿色概念空间装饰、展厅空间装饰、船舶舱室空间装饰等方面, 详细讲解了空间装饰设计方案指定的方法。书中设计大量案例, 对建筑装饰设计进行了生动描绘, 让读者更深入地了解有关装饰空间设计的操作内涵。 |
| ● |
| 相关链接 |
|
|
|
正题名: 建筑公共空间装饰设计
索取号:TU238/R722
 
预约/预借
| 序号 | 登录号 | 条形码 | 馆藏地/架位号 | 状态 | 备注 |
| 1 | 1294625 | 212946257 | 建筑库101/101建筑库 50排1列5层/ [索取号:TU238/R722] | 在馆 | |
| 2 | 1294626 | 212946264 | 建筑库101/101建筑库 50排1列5层/ [索取号:TU238/R722] | 在馆 | |
| 3 | 1294627 | 212946271 | 建筑与城市规划学院资料室/101建筑库 23排2列2层/ [索取号:TU238/R722] | 在馆 |